La naturaleza seguía propagándose en la oscuridad / (Registro nro. 6529)
[ vista simple ]
| 000 -LEADER | |
|---|---|
| fixed length control field | 01359nam a22002537a 4500 |
| 003 - CONTROL NUMBER IDENTIFIER | |
| control field | OSt |
| 005 - DATE AND TIME OF LATEST TRANSACTION | |
| control field | 20250801112455.0 |
| 008 - FIXED-LENGTH DATA ELEMENTS--GENERAL INFORMATION | |
| fixed length control field | 200217s2018 ck ||||jr|||| 00| j spa d |
| 020 ## - INTERNATIONAL STANDARD BOOK NUMBER | |
| International Standard Book Number | 9789584269911 |
| 040 ## - CATALOGING SOURCE | |
| Original cataloging agency | CO-JMCR |
| Transcribing agency | CO-JMCR |
| 041 0# - LANGUAGE CODE | |
| Language code of text/sound track or separate title | spa |
| 082 04 - DEWEY DECIMAL CLASSIFICATION NUMBER | |
| Classification number | A-C |
| Item number | MEJn |
| 100 1# - MAIN ENTRY--PERSONAL NAME | |
| Personal name | Mejía, Andrea, |
| Relator term | autora |
| 9 (RLIN) | 616 |
| 245 13 - TITLE STATEMENT | |
| Title | La naturaleza seguía propagándose en la oscuridad / |
| Statement of responsibility, etc. | Andrea Mejía |
| 250 ## - EDITION STATEMENT | |
| Edition statement | Primera edición |
| 260 ## - PUBLICATION, DISTRIBUTION, ETC. | |
| Place of publication, distribution, etc. | Bogotá : |
| Name of publisher, distributor, etc. | Planeta, |
| Date of publication, distribution, etc. | 2018 |
| 300 ## - PHYSICAL DESCRIPTION | |
| Extent | 97 páginas ; |
| Dimensions | 23 cm. |
| 490 0# - SERIES STATEMENT | |
| Series statement | Colección andanzas |
| 500 ## - GENERAL NOTE | |
| General note | Incluye datos biográficos del autor en solapa. |
| 520 ## - SUMMARY, ETC. | |
| Summary, etc. | Una niña aprieta un pez con fuerza en una de sus manos. Una mujer adulta se duele de haber leído la página del diario de su hija adolescente. Otra se despide ebria de su exmarido reptando sobre la leche derramada en la cocina. Una más viaja al corazón de la selva con su pareja mientras ve cómo el clima correo su ánimo y sus ganas de querer a alguien. Estas mujeres parecen ser una misma mujer desdoblada en varios tiempos. Son protagonistas de estos relatos en los que la vida queda suspendida, sin necesidad de conclusiones apremiantes. Estos cuentos, por misteriosos y bellamente escritos, son sin duda una revelación. |
| 650 14 - SUBJECT ADDED ENTRY--TOPICAL TERM | |
| Topical term or geographic name entry element | Cuentos colombianos |
| 9 (RLIN) | 617 |
| 650 14 - SUBJECT ADDED ENTRY--TOPICAL TERM | |
| Topical term or geographic name entry element | Mujeres |
| General subdivision | cuentos |
| 9 (RLIN) | 618 |
| 942 ## - ADDED ENTRY ELEMENTS (KOHA) | |
| Source of classification or shelving scheme | Dewey Decimal Classification |
| Koha item type | Books |
| Withdrawn status | Lost status | Source of classification or shelving scheme | Damaged status | Not for loan | Collection code | Home library | Current library | Shelving location | Date acquired | Source of acquisition | Cost, normal purchase price | Total Checkouts | Full call number | Barcode | Date last seen | Copy number | Price effective from | Koha item type |
|---|---|---|---|---|---|---|---|---|---|---|---|---|---|---|---|---|---|---|
| Dewey Decimal Classification | Fiction | Biblioteca Pública José María del Castillo y Rada | Biblioteca Pública José María del Castillo y Rada | Processing Center | 12/19/2019 | Donación | 0.00 | A-C MEJn | 201809703 | 02/17/2020 | Ej.1 | 02/17/2020 | Books |